000
00303nam a2200133Ia 4500
005
20251222141827.0
008
251222s9999||||xx |||||||||||||| ||spa||
020
_a
978-950-782-945-1
082
_a
869.27/G69
100
_a
González, Betina
245
0
_a
Arte Menor
264
_b
Alfaguara
942
_c
LIB
999
_c
6982
_d
6982